Contemporary linear systems using MATLAB / (Record no. 4098)
[ view plain ]
| 000 -LEADER | |
|---|---|
| fixed length control field | 00957cac a22002171u 4500 |
| 090 ## - LOCALLY ASSIGNED LC-TYPE CALL NUMBER (OCLC); LOCAL CALL NUMBER (OCLC) | |
| -- | 4098 |
| 008 - FIXED-LENGTH DATA ELEMENTS--GENERAL INFORMATION | |
| fixed length control field | 081105t1994 xxu||||| |||| 00| 0 eng d |
| 010 ## - LIBRARY OF CONGRESS CONTROL NUMBER | |
| LC control number | 93019715 |
| 020 ## - INTERNATIONAL STANDARD BOOK NUMBER | |
| International Standard Book Number | 0534932738 (recycled paper) |
| 082 00 - DEWEY DECIMAL CLASSIFICATION NUMBER | |
| Classification number | 003.7402855369 |
| Item number | S9277 |
| 100 ## - MAIN ENTRY--PERSONAL NAME | |
| Personal name | Strum, Robert D. |
| 245 10 - TITLE STATEMENT | |
| Title | Contemporary linear systems using MATLAB / |
| Statement of responsibility, etc | Robert D. Strum, Donald E. Kirk. |
| 260 ## - PUBLICATION, DISTRIBUTION, ETC. (IMPRINT) | |
| Place of publication, distribution, etc | Boston : |
| Name of publisher, distributor, etc | PWS Pub. Co., |
| Date of publication, distribution, etc | 1994. |
| 300 ## - PHYSICAL DESCRIPTION | |
| Extent | xxx, 673 p. : |
| Other physical details | ill. ; |
| Dimensions | 24 cm. + |
| Accompanying material | 2 computer disks (3 1/2 in.) |
| 440 #0 - | |
| -- | Tom Robbins' BookWare companion series |
| -- | 19443 |
| 500 ## - GENERAL NOTE | |
| General note | System requirements for computer disks: IBM (1st disk) or Macintosh (2nd disk) or compatible computer; MS-DOS (1st disk); MATLAB (student ed. or professional version 3.5 or later). |
| 504 ## - BIBLIOGRAPHY, ETC. NOTE | |
| Bibliography, etc | Includes bibliographical references and index. |
| 650 #0 - SUBJECT ADDED ENTRY--TOPICAL TERM | |
| Topical term or geographic name as entry element | Linear systems |
| General subdivision | Data processing. |
| 700 1# - ADDED ENTRY--PERSONAL NAME | |
| Personal name | Kirk, Donald E., |
| Dates associated with a name | 1937- |
| 942 ## - ADDED ENTRY ELEMENTS (KOHA) | |
| Item type | Book - Borrowing |
| Call number prefix | 003.7402855369S9277 |
| Source of classification or shelving scheme | Dewey Decimal Classification |
| Withdrawn status | Item status | Damaged status | Not for loan | Home library | Current library | Shelving location | Date acquired | Source of acquisition | Total Checkouts | Full call number | Barcode | Date last seen | Koha item type |
|---|---|---|---|---|---|---|---|---|---|---|---|---|---|
| Central Library | Central Library | Lower Floor | 21/08/2007 | Purchase | 003.7402855369 STR | 000000010 | 15/07/2025 | Book - Borrowing |